Culture Générale - Série 340 - Statistiques

Statistiques générales
  • Ce quiz a été pris 698 fois
  • Le résultat moyen est 6 sur 10
Statistiques - réponses
Question Réponse % Correct
De quel pays Rajiv Gandhi fut-il le Premier ministre de 1984 à 1989 ? L'Inde
99%
Combien y a-t-il de décamètres dans un kilomètre ? 100
97%
Par quel terme anglais désigne-t-on le "coup de pied de réparation" au foot ? Penalty
79%
Quel groupe de rap réunissait Kool Shen et Joey Starr ? NTM
78%
Quels fruits dégustez-vous en mangeant des bigarreaux ? Des cerises
56%
Selon Bigard, par quel animal a-t-on 1 chance sur 10 millions d'être mordu? Une chauve-souris
49%
Quel fleuve de Russie n'a que deux lettres à son nom ? L'Ob
37%
Quel humoriste était le procureur du "Tribunal des flagrants délires" ? Pierre Desproges
32%
Qui interprète le curé dans "Mon curé chez les nudistes" en 1982 ? Paul Préboist
15%
Au cinéma, quel est le prénom de Ben-Hur ? Judas
13%
Aucun quiz correspondant
Distribution des résultats
% des personnes avec chaque résultat
Percentile par nombre de réponses
Votre historique - résultats
Vous n’avez pas pris ce quiz